[Event "FIDE World Bl Team Pool A"]
[Site "London ENG"]
[Date "2025.06.14"]
[Round "12.6"]
[White "Platschek, Luca"]
[Black "Grose, Kameron"]
[Result "1-0"]
[WhiteElo "1626"]
[BlackElo "1907"]
[WhiteTeam "xChess.AI"]
[BlackTeam "ChessbrahTV"]
[WhiteFideId "1289888"]
[BlackFideId "474010"]
[EventDate "2025.06.14"]
[EventType "team"]

1. b4 e6 2. Bb2 Nf6 3. a3 d5 4. Nf3 c5 5. bxc5 Bxc5 6. e3 Qb6 7. Bxf6 gxf6 8. d4
Bd6 9. Nbd2 Nc6 10. c4 dxc4 11. Nxc4 Qc7 12. Nxd6+ Qxd6 13. Bb5 Bd7 14. Qe2 a6
15. Bd3 f5 16. Nd2 b5 17. O-O O-O 18. Qh5 Ne5 19. dxe5 Qxd3 20. Nf3 Bc6 21. Rfd1
Bxf3 22. Qg5+ Kh8 23. Rxd3 Be4 24. Rd7 1-0

[Event "FIDE World Bl Team Pool A"]
[Site "London ENG"]
[Date "2025.06.14"]
[Round "12.1"]
[White "Bjerre, Jonas Buhl"]
[Black "Chinguun, Sumiya"]
[Result "1-0"]
[WhiteTitle "GM"]
[BlackTitle "FM"]
[WhiteElo "2651"]
[BlackElo "2415"]
[WhiteTeam "¡Ållez-Y Initiative!"]
[BlackTeam "The MongolZ"]
[WhiteFideId "1444948"]
[BlackFideId "4902572"]
[EventDate "2025.06.14"]
[EventType "team"]

1. e4 c5 2. Nf3 d6 3. Bc4 e6 4. O-O Nf6 5. Re1 Nc6 6. Bb5 Bd7 7. c3 a6 8. Bf1
Ne5 9. d4 Nxf3+ 10. Qxf3 Bc6 11. d5 Bd7 12. a4 e5 13. a5 Be7 14. Nd2 O-O 15. Nc4
Bb5 16. Nb6 Bxf1 17. Nxa8 Bxg2 18. Kxg2 Qxa8 19. Kh1 Ne8 20. Qf5 Qd8 21. Rg1 g6
22. Bh6 Ng7 23. Qh3 Kh8 24. Raf1 Qxa5 25. f4 Qa4 26. Qg2 Bf6 27. f5 Qc4 28. fxg6
fxg6 29. Rf2 Rf7 30. Rgf1 Nh5 31. Qg4 Rd7 32. Qxd7 Qxe4+ 33. Rf3 Qxd5 34. Qe8+
Qg8 35. Qxg8+ Kxg8 36. Rxf6 1-0

[Event "FIDE World Bl Team Pool A"]
[Site "London ENG"]
[Date "2025.06.14"]
[Round "12.2"]
[White "Reimanis, Ritvars"]
[Black "Jacobsen, Mikkel Manosri"]
[Result "0-1"]
[WhiteTitle "IM"]
[BlackTitle "FM"]
[WhiteElo "2355"]
[BlackElo "2223"]
[WhiteTeam "The MongolZ"]
[BlackTeam "¡Ållez-Y Initiative!"]
[WhiteFideId "11602988"]
[BlackFideId "1444514"]
[EventDate "2025.06.14"]
[EventType "team"]

1. d4 d5 2. Nf3 Nf6 3. c4 e6 4. Nc3 a6 5. cxd5 exd5 6. Bg5 Be6 7. e3 Nbd7 8. Bd3
c6 9. Qc2 Bd6 10. O-O h6 11. Bf4 Qe7 12. Ne2 Bg4 13. Bxd6 Qxd6 14. Ng3 Bxf3 15.
gxf3 g6 16. b4 h5 17. h4 Ng8 18. Kg2 Qf6 19. Rh1 Ne7 20. a4 Kf8 21. Rab1 b5 22.
f4 Nb6 23. a5 Nc4 24. Bxc4 bxc4 25. Rbd1 Rb8 26. Qc3 Qd6 27. Rb1 Kg7 28. Kf3 Rb5
29. e4 Rhb8 30. e5 Qe6 31. Rbg1 Qg4+ 32. Ke3 Rxb4 33. f3 Qe6 34. Kf2 Rb2+ 35.
Ne2 R8b3 36. Qc1 Nf5 37. Kf1 Rxf3+ 38. Kg2 Rxe2+ 39. Kxf3 Nxd4+ 40. Kg3 Qg4# 0-1

[Event "FIDE World Bl Team Pool A"]
[Site "London ENG"]
[Date "2025.06.14"]
[Round "12.3"]
[White "Muetsch, Annmarie"]
[Black "Itgelt, Khuyagtsogt"]
[Result "0-1"]
[WhiteTitle "WIM"]
[BlackTitle "IM"]
[WhiteElo "2271"]
[BlackElo "2425"]
[WhiteTeam "¡Ållez-Y Initiative!"]
[BlackTeam "The MongolZ"]
[WhiteFideId "12971367"]
[BlackFideId "4902912"]
[EventDate "2025.06.14"]
[EventType "team"]

1. e4 e6 2. d4 d5 3. Nd2 c5 4. exd5 exd5 5. Ngf3 Nc6 6. Bb5 Qe7+ 7. Be2 Qc7 8.
O-O Nf6 9. Re1 Be6 10. h3 h6 11. dxc5 Bxc5 12. Nb3 Bb6 13. Nbd4 O-O 14. c3 a6
15. Be3 Bd7 16. Bd3 Rfe8 17. Nd2 Rad8 18. Nxc6 bxc6 19. Qf3 Bxe3 20. Rxe3 Qb6
21. Rxe8+ Rxe8 22. b3 a5 23. Rd1 Qc5 24. Nf1 Ne4 25. Bxe4 Rxe4 26. c4 Re8 27.
cxd5 Re5 28. Ne3 cxd5 29. Rxd5 Rxd5 30. Qxd5 Qc1+ 31. Kh2 Qc7+ 32. g3 Be6 33.
Qd2 h5 34. Ng2 g6 35. Nf4 Bf5 36. a3 Qc5 37. b4 axb4 38. axb4 Qc6 39. Qe3 Qb7
40. Qd4 Qf3 41. h4 Be4 42. Qa1 Qxf2+ 43. Kh3 Bf5+ 0-1

[Event "FIDE World Bl Team Pool A"]
[Site "London ENG"]
[Date "2025.06.14"]
[Round "12.4"]
[White "Nomin-Erdene, Davaademberel"]
[Black "Loftgaard, Mikkel Vinh"]
[Result "1-0"]
[WhiteTitle "IM"]
[BlackTitle "FM"]
[WhiteElo "2293"]
[BlackElo "2243"]
[WhiteTeam "The MongolZ"]
[BlackTeam "¡Ållez-Y Initiative!"]
[WhiteFideId "4900782"]
[BlackFideId "1468480"]
[EventDate "2025.06.14"]
[EventType "team"]

1. f4 b6 2. Nf3 Bb7 3. d3 d5 4. g3 Nd7 5. Bg2 e6 6. O-O Ngf6 7. c3 Bd6 8. Qc2
Qe7 9. c4 O-O-O 10. d4 Ne4 11. Nc3 Kb8 12. Nxe4 dxe4 13. Ne5 f5 14. Be3 c5 15.
Nxd7+ Rxd7 16. Rfd1 cxd4 17. Bxd4 Bc5 18. e3 Rhd8 19. Be5+ Ka8 20. Kf2 Rd3 21.
Rxd3 Rxd3 22. Re1 Qd7 23. Bc3 a6 24. b4 Be7 25. Bf1 Rd6 26. Be2 Bf6 27. Bxf6
gxf6 28. Rd1 e5 29. Rxd6 Qxd6 30. c5 bxc5 31. bxc5 Qd5 32. a4 Ka7 33. a5 Bc6 34.
Qc3 Qa2 35. Qc4 Qxa5 36. Qf7+ Kb8 37. Qxf6 Qxc5 38. fxe5 a5 39. e6 Kc7 40. e7
Be8 41. Qf8 Kd7 42. Qf6 Kc7 43. Qf8 Kd7 44. Qf6 Kc7 45. Qa6 Qb6 46. Qc4+ Kd7 47.
Qd5+ Kxe7 48. Qe5+ Qe6 49. Qc7+ Kf6 50. Qxa5 Bf7 51. Qc3+ Qe5 52. Qc6+ Qe6 53.
Qc5 Qe7 54. Qd4+ Qe5 55. Qd8+ Qe7 56. Qh8+ Kg6 57. h4 Kh6 58. Qd4 Bg6 59. Qb6
Kg7 60. h5 Bf7 61. h6+ Kf8 62. Qd4 Bg8 63. Bh5 Be6 64. Qh8+ Bg8 65. Be2 Qe6 66.
Qg7+ Ke8 67. Bb5+ Kd8 68. Qg5+ Kc7 69. Qf4+ Kb6 70. Be2 Kc6 71. Qb8 Kd7 72. Bb5+
Ke7 73. Qc7+ 1-0

[Event "FIDE World Bl Team Pool A"]
[Site "London ENG"]
[Date "2025.06.14"]
[Round "12.5"]
[White "Jalving, August"]
[Black "Ulziikhishig Khishigbat"]
[Result "1-0"]
[WhiteTitle "CM"]
[BlackTitle "FM"]
[WhiteElo "2306"]
[BlackElo "2266"]
[WhiteTeam "¡Ållez-Y Initiative!"]
[BlackTeam "The MongolZ"]
[WhiteFideId "1471759"]
[BlackFideId "4908120"]
[EventDate "2025.06.14"]
[EventType "team"]

1. e4 e5 2. Nf3 Nc6 3. Bb5 a6 4. Ba4 Nf6 5. O-O Nxe4 6. d4 b5 7. Bb3 d5 8. dxe5
Be6 9. c3 Bc5 10. Bc2 O-O 11. Nbd2 Nxf2 12. Rxf2 Bxf2+ 13. Kxf2 f6 14. Nf1 fxe5
15. Kg1 Qd6 16. Ng3 Bg4 17. Bxh7+ Kh8 18. Qc2 e4 19. Ng5 Qc5+ 20. Kh1 Nb4 21.
Qd2 Nd3 22. Qe3 Qd6 23. h3 Bd7 24. Bd2 Rae8 25. Rf1 c5 26. Nf5 Qf6 27. Qe2 d4
28. Qh5 Qh6 29. Nxh6 Rxf1+ 30. Kh2 gxh6 31. Qxh6 Re7 32. Bxe4+ Kg8 33. Bxd3 c4
34. Bxf1 d3 35. Bxd3 cxd3 36. Qg6+ Kf8 37. Nh7+ Rxh7 38. Qxh7 1-0

[Event "FIDE World Bl Team Pool A"]
[Site "London ENG"]
[Date "2025.06.14"]
[Round "12.6"]
[White "Araya Fuentes, Cristian"]
[Black "McCallum, Elliot"]
[Result "1/2-1/2"]
[WhiteElo "1921"]
[BlackElo "1924"]
[WhiteTeam "The MongolZ"]
[BlackTeam "¡Ållez-Y Initiative!"]
[WhiteFideId "6502946"]
[BlackFideId "2645718"]
[EventDate "2025.06.14"]
[EventType "team"]

1. Nf3 d5 2. g3 Bg4 3. Bg2 e6 4. d3 Nf6 5. Nbd2 Bd6 6. e4 Nbd7 7. c3 O-O 8. O-O
dxe4 9. dxe4 Ne5 10. Qc2 Nxf3+ 11. Nxf3 Nd7 12. Bg5 f6 13. Be3 Ne5 14. Nxe5 Bxe5
15. Qb3 Qe7 16. Qxb7 Rab8 17. Qxa7 Rxb2 18. Bc5 Bd6 19. Bxd6 Qxd6 20. Qd4 Qxd4
21. cxd4 Rd2 22. d5 exd5 23. exd5 Be2 24. Rfe1 Bc4 25. Re7 Bxd5 26. Bxd5+ Rxd5
27. Rxc7 Ra8 28. a4 Rda5 29. Rc4 Kf7 30. f4 Ke6 31. Rd4 Rc8 32. Rd2 Rc4 33. Rda2
Kd5 34. Kg2 Ke4 35. Re1+ Kf5 36. Rea1 Ke4 37. h3 g6 38. Re1+ Kd5 39. Re7 Raxa4
40. Rxa4 Rxa4 41. Rxh7 Ra2+ 42. Kf3 f5 43. Rd7+ Ke6 44. Rd3 Rh2 45. h4 Rh1 46.
Re3+ Kf6 47. Ra3 Rf1+ 48. Ke2 Rc1 49. Ra6+ Kf7 50. Ra3 Rc2+ 51. Kd3 Rg2 52. Kd4
Rd2+ 53. Rd3 Ra2 54. Ke5 Ra5+ 55. Rd5 Ra3 56. Rd7+ Ke8 57. Rd6 Rxg3 58. Ke6 Rg4
59. Ra6 Kf8 60. Kf6 Ke8 61. Ke6 Kd8 62. Ra8+ Kc7 63. Rg8 Rxh4 64. Rxg6 Rxf4 65.
Rf6 Rf1 66. Rxf5 1/2-1/2

[Event "FIDE World Bl Team Pool A"]
[Site "London ENG"]
[Date "2025.06.14"]
[Round "12.1"]
[White "Nihal, Sarin"]
[Black "Oro, Faustino"]
[Result "1-0"]
[WhiteTitle "GM"]
[BlackTitle "IM"]
[WhiteElo "2696"]
[BlackElo "2465"]
[WhiteTeam "Ashdod Elit Chess Club"]
[BlackTeam "Turkish Airlines Sports Club"]
[WhiteFideId "25092340"]
[BlackFideId "20000197"]
[EventDate "2025.06.14"]
[EventType "team"]

1. d4 Nf6 2. Nf3 d5 3. c3 e6 4. Bg5 h6 5. Bh4 Be7 6. Nbd2 O-O 7. e3 b6 8. Ne5 c5
9. Bd3 Nfd7 10. Bxe7 Qxe7 11. Nxd7 Qxd7 12. f4 Ba6 13. Bc2 Qd6 14. Qf3 Nc6 15.
Qg3 Rac8 16. Nf3 cxd4 17. exd4 Nb4 18. Bb1 Nd3+ 19. Bxd3 Bxd3 20. Ne5 Be4 21.
O-O Kh7 22. Rae1 b5 23. a3 a5 24. h3 f6 25. Nd3 f5 26. Ne5 Rf6 27. Qe3 b4 28.
cxb4 axb4 29. Rc1 Rff8 30. a4 b3 31. Qxb3 Rb8 32. Qg3 Rxb2 33. Rf2 Rxf2 34. Qxf2
Ra8 35. Qg3 Qe7 36. Kh2 Qf6 37. Rc7 Rxa4 38. Rf7 1-0

[Event "FIDE World Bl Team Pool A"]
[Site "London ENG"]
[Date "2025.06.14"]
[Round "12.2"]
[White "Ahmad, Khagan"]
[Black "Gledura, Benjamin"]
[Result "0-1"]
[WhiteTitle "IM"]
[BlackTitle "GM"]
[WhiteElo "2394"]
[BlackElo "2668"]
[WhiteTeam "Turkish Airlines Sports Club"]
[BlackTeam "Ashdod Elit Chess Club"]
[WhiteFideId "13431552"]
[BlackFideId "712779"]
[EventDate "2025.06.14"]
[EventType "team"]

1. Nf3 Nf6 2. c4 e6 3. Nc3 Bb4 4. d4 b6 5. Bg5 Bb7 6. e3 h6 7. Bh4 g5 8. Bg3 Ne4
9. Nd2 Nxg3 10. hxg3 Bxc3 11. bxc3 Nc6 12. Bd3 Qe7 13. Rb1 d6 14. Qa4 Qd7 15.
Qa3 f5 16. e4 O-O-O 17. O-O Kb8 18. Nb3 h5 19. c5 h4 20. cxb6 cxb6 21. d5 hxg3
22. fxg3 Ne5 23. Be2 f4 24. gxf4 gxf4 25. Rxf4 Qh7 26. Kf2 Qh2 27. Rf3 Qh4+ 28.
Ke3 Qg5+ 29. Kd4 Qg7 30. Ke3 Nxf3 31. gxf3 Qxc3+ 32. Bd3 exd5 33. Rc1 d4+ 0-1

[Event "FIDE World Bl Team Pool A"]
[Site "London ENG"]
[Date "2025.06.14"]
[Round "12.3"]
[White "Volokitin, Andrei"]
[Black "Southcott-Moyers, Indy"]
[Result "1-0"]
[WhiteTitle "GM"]
[BlackTitle "FM"]
[WhiteElo "2626"]
[BlackElo "2289"]
[WhiteTeam "Ashdod Elit Chess Club"]
[BlackTeam "Turkish Airlines Sports Club"]
[WhiteFideId "14107090"]
[BlackFideId "488542"]
[EventDate "2025.06.14"]
[EventType "team"]

1. e4 e5 2. Nf3 Nc6 3. Bb5 a6 4. Ba4 Nf6 5. O-O Be7 6. d3 b5 7. Bb3 d6 8. a4 Bd7
9. c3 O-O 10. Bc2 Rb8 11. Re1 b4 12. Nbd2 Be6 13. a5 h6 14. Nc4 bxc3 15. bxc3
Bxc4 16. dxc4 Qc8 17. Be3 Nd8 18. c5 Ne6 19. h3 Nxc5 20. Bxc5 dxc5 21. Nxe5 Qe6
22. Nd3 Qc4 23. Ra3 Rfd8 24. Qf3 Qe6 25. e5 Nd5 26. c4 Nb4 27. Bb1 Nxd3 28. Bxd3
g6 29. Rc3 Rd4 30. Rc2 Rbd8 31. Bf1 c6 32. g3 Bg5 33. h4 Be7 34. Kh2 Qf5 35.
Qxf5 gxf5 36. Bg2 f4 37. Bxc6 fxg3+ 38. fxg3 Rd2+ 39. Re2 Rxc2 40. Rxc2 Rd3 41.
Ra2 Rc3 42. Bb7 Rxc4 43. Bxa6 Re4 44. Bb7 Rxe5 45. a6 1-0

[Event "FIDE World Bl Team Pool A"]
[Site "London ENG"]
[Date "2025.06.14"]
[Round "12.4"]
[White "Lohia, Sohum"]
[Black "Eljanov, Pavel"]
[Result "0-1"]
[WhiteTitle "FM"]
[BlackTitle "GM"]
[WhiteElo "2364"]
[BlackElo "2669"]
[WhiteTeam "Turkish Airlines Sports Club"]
[BlackTeam "Ashdod Elit Chess Club"]
[WhiteFideId "5819369"]
[BlackFideId "14102951"]
[EventDate "2025.06.14"]
[EventType "team"]

1. e4 e5 2. Nf3 Nc6 3. Bb5 a6 4. Ba4 Nf6 5. O-O Nxe4 6. d4 Be7 7. Re1 b5 8. Rxe4
d5 9. Nxe5 Nxe5 10. Rxe5 bxa4 11. b3 O-O 12. Ba3 Bxa3 13. Nxa3 Re8 14. Rxe8+
Qxe8 15. Qd2 Bf5 16. Nb1 Bxc2 17. bxa4 Bxa4 18. Nc3 Bc6 19. Re1 Qd7 20. Qe3 h6
21. h3 a5 22. Qe5 a4 23. Re3 Qd6 24. Qxd6 cxd6 25. Re7 a3 26. Rc7 Ra6 27. Kf1
Kf8 28. Rc8+ Ke7 29. Rb8 Ra5 30. Ke2 g5 31. Rb3 Bd7 32. Nb1 Bb5+ 33. Ke3 Bf1 34.
g3 Bxh3 35. Rxa3 Rxa3+ 36. Nxa3 Bd7 37. Nc2 h5 38. Nb4 Ke6 39. Kf3 Bb5 40. a3 f6
41. Ke3 Ba4 42. Kf3 Bb3 43. Ke3 Kf5 44. Nd3 h4 45. gxh4 gxh4 46. Nf4 Kg4 47. f3+
Kg3 48. Nh5+ Kg2 49. Nxf6 h3 50. Ng4 Kg3 51. Ke2 Bc2 52. Ke3 Bf5 53. Nh6 Be6 54.
a4 h2 0-1

[Event "FIDE World Bl Team Pool A"]
[Site "London ENG"]
[Date "2025.06.14"]
[Round "12.5"]
[White "Osmak, Yuliia"]
[Black "Lu, Miaoyi"]
[Result "1-0"]
[WhiteTitle "IM"]
[BlackTitle "IM"]
[WhiteElo "2468"]
[BlackElo "2452"]
[WhiteTeam "Ashdod Elit Chess Club"]
[BlackTeam "Turkish Airlines Sports Club"]
[WhiteFideId "14101602"]
[BlackFideId "8618020"]
[EventDate "2025.06.14"]
[EventType "team"]

1. e4 e5 2. Nf3 Nc6 3. Nc3 Nf6 4. Bb5 Nd4 5. O-O c6 6. Bd3 Nxf3+ 7. Qxf3 d6 8.
Re1 h5 9. Bc4 Bg4 10. Qe3 g6 11. d4 Bg7 12. dxe5 dxe5 13. Qc5 Qe7 14. Be3 Nd7
15. Qxe7+ Kxe7 16. f3 Be6 17. Bxe6 Kxe6 18. Rad1 Bf8 19. Kf1 Bb4 20. Rd3 Nb6 21.
a3 Be7 22. Red1 Nc4 23. Bc1 h4 24. h3 b5 25. a4 b4 26. Nb1 a5 27. b3 Nb6 28. Be3
c5 29. c4 Rhd8 30. Rxd8 Rxd8 31. Rxd8 Bxd8 32. Bxc5 Nd7 33. Bf2 Nb8 34. Nd2 Nc6
35. Ke2 Bg5 36. Kd3 f5 37. Nf1 Kd6 38. Bb6 Ke6 39. Ne3 Bf4 40. Nd5 Bc1 41. Nc7+
Kf6 42. Nb5 g5 43. Na7 Nxa7 44. Bxa7 g4 45. Bb6 gxf3 46. Bd8+ Ke6 47. gxf3 fxe4+
48. Kxe4 Bf4 49. Bxa5 Kd6 50. Bxb4+ Kc6 51. Bc3 1-0

[Event "FIDE World Bl Team Pool A"]
[Site "London ENG"]
[Date "2025.06.14"]
[Round "12.6"]
[White "Yildiz, Ali Aras"]
[Black "Sailaubay, Aldiyar"]
[Result "0-1"]
[WhiteElo "2089"]
[BlackElo "1910"]
[WhiteTeam "Turkish Airlines Sports Club"]
[BlackTeam "Ashdod Elit Chess Club"]
[WhiteFideId "51619822"]
[BlackFideId "13729357"]
[EventDate "2025.06.14"]
[EventType "team"]

1. e4 c5 2. Nf3 Nc6 3. c3 Nf6 4. e5 Nd5 5. Bc4 Nb6 6. Bb3 d6 7. exd6 Qxd6 8. O-O
g6 9. d4 cxd4 10. cxd4 Bg7 11. Be3 O-O 12. h3 Bf5 13. Nc3 Rad8 14. Qe2 Na5 15.
Bc2 Bxc2 16. Qxc2 Nac4 17. Rfd1 Rc8 18. Qe2 Rfd8 19. Rac1 Qb4 20. b3 Nxe3 21.
Qxe3 e6 22. Ne2 Nd5 23. Qe4 Qa3 24. Rc2 Rxc2 25. Qxc2 h6 26. Ne5 Qe7 27. Nf3 Nb4
28. Qc4 Nc6 29. d5 exd5 30. Qc2 d4 31. Nf4 Re8 32. Nd3 Qe2 33. Rd2 Qe7 34. Rd1
Qd6 35. Qb1 Nb4 36. Nxb4 Qxb4 37. Qd3 Qc3 38. Nxd4 Qxd3 39. Rxd3 Rd8 0-1

[Event "FIDE World Bl Team Pool A"]
[Site "London ENG"]
[Date "2025.06.14"]
[Round "12.1"]
[White "Hong, Andrew"]
[Black "Moussard, Jules"]
[Result "1-0"]
[WhiteTitle "GM"]
[BlackTitle "GM"]
[WhiteElo "2589"]
[BlackElo "2597"]
[WhiteTeam "FIDE MB Team"]
[BlackTeam "Knight Dance"]
[WhiteFideId "2099438"]
[BlackFideId "642908"]
[EventDate "2025.06.14"]
[EventType "team"]

1. e4 c5 2. Nf3 g6 3. c3 d5 4. exd5 Qxd5 5. d4 Bg7 6. Nbd2 cxd4 7. Bc4 Qd8 8.
Nxd4 Nf6 9. O-O O-O 10. N2f3 Qc7 11. Qe2 a6 12. Re1 Bg4 13. h3 Bxf3 14. Nxf3 Nc6
15. Bb3 e6 16. Bd2 b5 17. Rad1 Na5 18. Bc2 Nc4 19. Bc1 Nd5 20. Qe4 b4 21. cxb4
Nxb2 22. Bxb2 Bxb2 23. Bb3 Nf6 24. Qe2 Ba3 25. Rd4 a5 26. b5 Bc5 27. Rc4 Qb6 28.
Rec1 Ba3 29. Rc6 Qb8 30. Rd1 a4 31. Bc4 Qf4 32. Rd4 Qc1+ 33. Kh2 Qb2 34. Rd2 Qb4
35. Ne5 Kg7 36. Rc7 Rac8 37. Ra7 Nd5 38. Bxd5 exd5 39. Rxd5 Qf4+ 40. g3 Qf5 41.
Qe3 Rc2 42. Ng4 Rxf2+ 43. Qxf2 Qxd5 44. Qf6+ 1-0

[Event "FIDE World Bl Team Pool A"]
[Site "London ENG"]
[Date "2025.06.14"]
[Round "12.2"]
[White "Van Foreest, Jorden"]
[Black "Short, Nigel D"]
[Result "1-0"]
[WhiteTitle "GM"]
[BlackTitle "GM"]
[WhiteElo "2687"]
[BlackElo "2587"]
[WhiteTeam "Knight Dance"]
[BlackTeam "FIDE MB Team"]
[WhiteFideId "1039784"]
[BlackFideId "400025"]
[EventDate "2025.06.14"]
[EventType "team"]

1. e4 e6 2. d4 d5 3. Nc3 Nf6 4. e5 Nfd7 5. f4 c5 6. Nf3 Nc6 7. Be3 Be7 8. Qd2 b6
9. Bb5 Qc7 10. O-O-O a6 11. Bxc6 Qxc6 12. f5 c4 13. Bg5 h6 14. Bxe7 Kxe7 15. f6+
gxf6 16. exf6+ Kxf6 17. Ne5 Nxe5 18. Qf4+ Ke7 19. Qxe5 Rf8 20. Rde1 Bb7 21. Rhf1
Qd6 22. Qf6+ Kd7 23. Qxh6 b5 24. Rf6 Kc7 25. Qg7 Kb6 26. Rxf7 Bc6 27. Rxf8 Rxf8
28. Qe5 Qxe5 29. Rxe5 b4 30. Ne2 Rf2 31. Rxe6 Rxg2 32. Nf4 Rxh2 33. Nxd5+ Kb7
34. Re7+ Kb8 35. Nxb4 Bb7 36. Re5 Ka7 37. Rc5 Kb6 38. Rxc4 a5 39. Nd3 Bd5 40.
Rc5 Bxa2 41. b3 a4 42. bxa4 Bf7 43. a5+ Ka6 44. Nb4+ Kb7 45. a6+ Kb6 46. Rc6+
Kb5 47. a7 Rh8 48. Rc7 Bc4 49. Rb7+ 1-0

[Event "FIDE World Bl Team Pool A"]
[Site "London ENG"]
[Date "2025.06.14"]
[Round "12.3"]
[White "Bologan, Victor"]
[Black "Dardha, Daniel"]
[Result "1/2-1/2"]
[WhiteTitle "GM"]
[BlackTitle "GM"]
[WhiteElo "2601"]
[BlackElo "2646"]
[WhiteTeam "FIDE MB Team"]
[BlackTeam "Knight Dance"]
[WhiteFideId "13900048"]
[BlackFideId "240990"]
[EventDate "2025.06.14"]
[EventType "team"]

1. e4 e5 2. Nf3 Nc6 3. Bc4 d6 4. d4 Nf6 5. dxe5 dxe5 6. Qxd8+ Nxd8 7. O-O Bd6 8.
Nc3 Be6 9. Bb3 a6 10. Bg5 Bxb3 11. axb3 Nd7 12. Nd2 f6 13. Be3 Bc5 14. Bxc5 Nxc5
15. b4 Nce6 16. b5 Nd4 17. bxa6 Rxa6 18. Rxa6 bxa6 19. Nd5 Nxc2 20. Nxc7+ Kf7
21. Nxa6 Ne6 22. Rc1 Ned4 23. Kf1 Rc8 24. Rb1 Rc6 25. Nb8 Rb6 26. Nd7 Rb5 27. b4
Nxb4 28. Nc4 Ke7 29. Ndb6 Nbc6 30. Nd5+ Kf8 31. Rxb5 1/2-1/2

[Event "FIDE World Bl Team Pool A"]
[Site "London ENG"]
[Date "2025.06.14"]
[Round "12.4"]
[White "Maurizzi, Marc'Andria"]
[Black "Al-Mudahka, Mohd"]
[Result "1-0"]
[WhiteTitle "GM"]
[BlackTitle "GM"]
[WhiteElo "2607"]
[BlackElo "2542"]
[WhiteTeam "Knight Dance"]
[BlackTeam "FIDE MB Team"]
[WhiteFideId "36083534"]
[BlackFideId "12100030"]
[EventDate "2025.06.14"]
[EventType "team"]

1. e4 d5 2. exd5 Nf6 3. Bb5+ Bd7 4. Bc4 Bg4 5. f3 Bf5 6. Nc3 Nbd7 7. d4 Nb6 8.
Bb3 Nbxd5 9. Nge2 e6 10. O-O h6 11. Ng3 Bh7 12. Nce4 Be7 13. c4 Nb6 14. Be3 c6
15. Qe2 O-O 16. Rad1 Qc7 17. Kh1 Rfe8 18. Bg1 Rad8 19. f4 a5 20. a3 a4 21. Ba2
Nxe4 22. Nxe4 Nd7 23. Ng3 Nf6 24. Qf3 c5 25. f5 Bd6 26. fxe6 Rxe6 27. dxc5 Bxg3
28. Qxg3 Qc8 29. c6 Rxc6 30. c5 Rxd1 31. Rxd1 Bf5 32. Bd4 Qd8 33. Qe5 Be6 34.
Bb1 Qd5 35. Qe1 Bf5 36. Bxf6 1-0

[Event "FIDE World Bl Team Pool A"]
[Site "London ENG"]
[Date "2025.06.14"]
[Round "12.5"]
[White "Zhu, Chen"]
[Black "Roebers, Eline"]
[Result "0-1"]
[WhiteTitle "GM"]
[BlackTitle "IM"]
[WhiteElo "2423"]
[BlackElo "2356"]
[WhiteTeam "FIDE MB Team"]
[BlackTeam "Knight Dance"]
[WhiteFideId "8600546"]
[BlackFideId "1058401"]
[EventDate "2025.06.14"]
[EventType "team"]

1. c4 f5 2. Nc3 Nf6 3. g3 g6 4. Bg2 Bg7 5. d3 O-O 6. e4 d6 7. f4 Nc6 8. Nf3 e5
9. O-O h6 10. Nh4 Ne7 11. Nd5 Nfxd5 12. cxd5 c6 13. dxc6 bxc6 14. Kh1 Be6 15.
Be3 exf4 16. gxf4 Bxb2 17. Rb1 Bg7 18. a4 Qd7 19. Qe1 d5 20. Bc5 Kh7 21. Qg3 Bf7
22. Bxe7 Qxe7 23. exf5 g5 24. fxg5 Qxg5 25. Rb7 Kg8 26. f6 Bh8 27. Nf5 Qxg3 28.
Nxg3 Bg6 29. Bh3 Rae8 30. Bd7 Re3 31. Bxc6 Bxf6 32. Bxd5+ Kh8 33. Be4 Bxe4+ 34.
dxe4 Bg7 35. Rxf8+ Bxf8 36. Rxa7 Ra3 37. Kg2 Kg8 38. Nf5 h5 39. h4 Bc5 40. Rc7
Bb6 41. Rc6 Ba5 42. Rc4 Bb6 43. Ng3 Kf7 44. Nxh5 Bd8 45. Ng3 Bxh4 46. Nf5 Bf6
47. Kf2 Ke6 48. Ne3 Bg5 49. Ng4 Bf4 50. Ke2 Bd6 51. Ne3 Ke5 52. Nc2 Rb3 53. a5
Rb2 54. Kd3 Rb3+ 55. Kd2 Rb8 56. a6 Ra8 57. Ra4 Bc5 58. Kd3 Kd6 59. Ne3 Kc6 60.
Nd5 Ra7 61. Ra2 Kb5 62. Nc3+ Kc6 63. Kc4 Bf8 64. Nd5 Bd6 65. Nc3 Bf8 66. Nb5 Ra8
67. a7 Kb6 68. e5 Be7 69. e6 Rc8+ 70. Kd3 Ra8 71. Nd4 0-1

[Event "FIDE World Bl Team Pool A"]
[Site "London ENG"]
[Date "2025.06.14"]
[Round "12.6"]
[White "Phulpin, Theo"]
[Black "Zaiarski, Stepan"]
[Result "1-0"]
[WhiteElo "1773"]
[BlackElo "1932"]
[WhiteTeam "Knight Dance"]
[BlackTeam "FIDE MB Team"]
[WhiteFideId "36001600"]
[BlackFideId "13907000"]
[EventDate "2025.06.14"]
[EventType "team"]

1. e4 e5 2. d4 exd4 3. Qxd4 Nc6 4. Qe3 Nf6 5. Bd2 Be7 6. Nc3 d6 7. O-O-O Be6 8.
f4 h6 9. Be1 g5 10. f5 Bd7 11. h3 Ne5 12. Bg3 c6 13. Nf3 Qc7 14. Nxe5 dxe5 15.
Bc4 b5 16. Bb3 a5 17. a4 b4 18. Ne2 c5 19. Bd5 Nxd5 20. exd5 Bd6 21. h4 Bxf5 22.
hxg5 h5 23. Qf3 Bg6 24. Qf6 Qe7 25. Qxh8+ Kd7 26. Qxa8 Qxg5+ 27. Kb1 Qf5 28.
Qb7+ Ke8 29. Rc1 Qe4 30. Qc8+ Ke7 31. Bh4+ f6 32. Rhf1 Qxh4 33. Qe6+ Kf8 34.
Rxf6+ Kg7 35. Rxg6+ 1-0

[Event "FIDE World Bl Team Pool A"]
[Site "London ENG"]
[Date "2025.06.14"]
[Round "13.1"]
[White "Nepomniachtchi, Ian"]
[Black "Hansen, Eric"]
[Result "1-0"]
[WhiteTitle "GM"]
[BlackTitle "GM"]
[WhiteElo "2757"]
[BlackElo "2609"]
[WhiteTeam "WR Chess Team"]
[BlackTeam "ChessbrahTV"]
[WhiteFideId "4168119"]
[BlackFideId "2606771"]
[EventDate "2025.06.14"]
[EventType "team"]

1. e4 c5 2. Nf3 e6 3. d4 cxd4 4. Nxd4 a6 5. c4 Qc7 6. Nc3 Nf6 7. Be2 b6 8. O-O
Bb7 9. f3 d6 10. Be3 Nbd7 11. Qd2 Be7 12. Rfc1 O-O 13. b4 Rfc8 14. Nb3 Qd8 15.
a3 Ne5 16. Na4 Nfd7 17. Bf1 Rab8 18. c5 dxc5 19. bxc5 b5 20. Nb6 Nxb6 21. cxb6
Qxd2 22. Rxc8+ Bxc8 23. Nxd2 Bd8 24. Nb3 Nd7 25. Rd1 h6 26. Na5 Bxb6 27. Bxb6
Nxb6 28. Rd8+ Kh7 29. e5 g6 30. h4 Kg7 31. Bd3 Nd7 32. Nc6 Ra8 33. Ne7 Nxe5 34.
Be4 Bb7 35. Rxa8 Bxa8 36. Bxa8 Nc4 37. Nc6 a5 38. Nd4 Nxa3 39. Bc6 b4 40. Nb3
Nc4 41. Bb5 Nd6 42. Bc6 Kf6 43. Nxa5 Ke5 44. Nb3 Nf5 45. Be8 Kf6 46. h5 gxh5 47.
Kf2 h4 48. Nc5 Ke7 49. Ba4 Nd4 50. Ke3 e5 51. Ke4 Kd6 52. Nb7+ Ke6 53. Nd8+ Ke7
54. Nb7 Ke6 55. Nd8+ Ke7 56. Nc6+ Nxc6 57. Bxc6 1-0